| 000 | 01201cam a2200433 4500 | ||
|---|---|---|---|
| 008 | 090401t1997 xxu||||| |||| 00| 0 eng d | ||
| 020 | _a0333689070 | ||
| 035 | _a(Sirsi) u78521 | ||
| 041 | _aeng | ||
| 050 | _a692.5 | ||
| 100 | _aSeeley, Ivor Hugh | ||
| 245 | _aQuantity surveying practice | ||
| 250 | _a2nd | ||
| 260 |
_aBasingstoke _bMacmillan Press Ltd _c1997 |
||
| 300 | _axx, 606p. ; 24cm. | ||
| 350 | _a25 | ||
| 490 | _aMacmillan Building and Surveying Series | ||
| 650 | _aBUILT ENVIRONMENT-BUILDING CONTRACT FORMS | ||
| 650 | _aBUILDING DEVELOPMENT | ||
| 650 | _aBUILDING TEAM | ||
| 650 | _aCLAIMS | ||
| 650 | _aCONSTRUCTION INDUSTRY | ||
| 650 | _aCONSTRUCTION PROCUREMENT | ||
| 650 | _aCONTRACT ADMINISTRATION | ||
| 650 | _aCOST CONTROL | ||
| 650 | _aDESIGN PROCESS | ||
| 650 | _aCAREERS, EDUCATION AND TRAINING | ||
| 650 | _aFINAL ACCOUNTS | ||
| 650 |
_aInsolvency _96247 |
||
| 650 | _aMARKETING | ||
| 650 | _aPROCUREMENT SYSTEMS | ||
| 650 | _aPROFESSIONAL PRACTICE | ||
| 650 | _aMANAGEMENT-PROJECT MANAGEMENT | ||
| 650 | _aVALUE MANAGEMENT | ||
| 650 | _aVARIATIONS | ||
| 690 |
_aQuantity surveying _96263 |
||
| 942 | _n0 | ||
| 948 | _c22/05/1997 | ||
| 999 |
_c96457 _d96457 |
||